000
00305nam a22001337a 4500
008
170808b xxu||||| |||| 00| 0 eng d
020
_a
0894352423
041
_a
eng
080
_a
004
100
_a
33
101
_a
SHKI
245
_a
THE COMPLETE GUIDE TO SOFTWARE TESTING
_c
HETZEL, B
942
_2
udc
_c
BK
999
_c
22862
_d
22862